Statistics for All Trace Adkins Songs

Click here to take the quiz!

General Stats

  • This quiz has been taken 2 times
  • The average score is 27 of 170

Answer Stats

AlbuSong% Correct
Ain't That Kind of CowboyAin't That Kind of Cowboy
100%
Ain't That Kind of CowboyBig
100%
Big TimeBig Time
100%
ChromeChrome
100%
Cowboy's Back in TownCowboy's Back in Town
100%
Dangerous ManDangerous Man
100%
Dreamin' Out LoudDreamin' Out Loud
100%
Proud to Be HereJust Fishin'
100%
Dangerous ManLadies Love Country Boys
100%
Love Will...Love Will
100%
More...More
100%
Songs About MeSongs About Me
100%
Songs About MeArlington
50%
Ain't That Kind of CowboyBetter Off
50%
Cowboy's Back in TownBrown Chicken Brown Cow
50%
Comin' On StrongComin' On Strong
50%
Dreamin' Out LoudEvery Light in the House
50%
Cowboy's Back in TownHillbilly Bone
50%
Songs About MeHonky Tonk Badonkadonk
50%
Comin' On StrongHot Mama
50%
American Man: Greatest Hits Volume III Got My Game On
50%
Dreamin' Out LoudI Left Something Turned On at Home
50%
ChromeI'm Tryin'
50%
XIn Color
50%
Something's Going OnJesus and Jones
50%
XMarry for Money
50%
Ain't That Kind of CowboyMind on Fishin'
50%
Proud to Be HereProud to Be Here
50%
Comin' On StrongRough & Ready
50%
Proud to Be HereSemper Fi
50%
Something's Going OnSomething's Going On
50%
Something's Going OnStill a Soldier
50%
Dangerous ManSwing
50%
Greatest Hits Collection, Vol. 1Then They Do
50%
Dreamin' Out LoudThere's a Girl in Texas
50%
Big TimeThe Rest of Mine
50%
Cowboy's Back in TownThis Ain't No Love Song
50%
Dreamin' Out Loud(This Ain't) No Thinkin' Thing
50%
XTil the Last Shot's Fired
50%
Something's Going OnWatered Down
50%
Cowboy's Back in TownWhoop a Man's Ass
50%
Dreamin' Out Loud634-5789 (Soulsville, U.S.A.)
0%
Dreamin' Out LoudA Bad Way of Saying Goodbye
0%
Something's Going OnAin't Just the Whiskey Talkin'
0%
Dangerous ManAin't No Woman Like You
0%
Cowboy's Back in TownAla-Freakin-Bama
0%
Cowboy's Back in TownA Little Bit of Missin' You
0%
More...All Hat, No Cattle
0%
XAll I Ask for Anymore
0%
Proud to Be HereAlways Gonna Be That Way
0%
American Man: Greatest Hits Volume IIAmerican Man
0%
Other SingleAmerica the Beautiful
0%
ChromeAnd There Was You
0%
The King's GiftAway in a Manger
0%
Songs About MeBaby I'm Home
0%
Comin' On StrongBaby's Gone
0%
XBetter Than I Thought I'd Be
0%
Cowboy's Back in TownBetween the Rainbows and the Rain
0%
Cowboy's Back in TownBreak Her Fall
0%
Songs About MeBring It On
0%
More...Can I Want Your Love
0%
The King's GiftCarol of the Drum
0%
ChromeCome Home
0%
Love Will...Come See Me
0%
Something's Going OnCountry Boy Problems
0%
Proud to Be HereDamn You Bubba
0%
Proud to Be HereDays Like This
0%
More...Don't Lie
0%
Cowboy's Back in TownDon't Mind If I Do That
0%
Love Will...Every One of You
0%
More...Every Other Friday at Five
0%
More...Everything Takes Me Back
0%
Dangerous ManFightin' Words
0%
Songs About MeFind Me a Preacher
0%
ChromeGive Me You
0%
Something's Going OnGonna Make You Miss Me
0%
Something's Going OnHang
0%
Cowboy's Back in TownHappy Man
0%
XHappy to Be Here
0%
XHauling One Thing
0%
Cowboy's Back in TownHell, I Can Do That
0%
ChromeHelp Me Understand
0%
Dangerous ManHigh
0%
XHillbilly Rich
0%
Cowboy's Back in TownHold My Beer
0%
Big TimeHold You Now
0%
Proud to Be HereHow Long
0%
Dangerous ManI Came Here to Live
0%
More...I Can Dig It
0%
Dreamin' Out LoudI Can Only Love You Like a Man
0%
XI Can't Outrun You
0%
Comin' On StrongI'd Sure Hate to Break Down Here
0%
Dreamin' Out LoudIf I Fall (You're Goin' with Me)
0%
Proud to Be HereIf I Was a Woman
0%
Something's Going OnIf Only You Were Lonely
0%
Love Will...If the Sun Comes Up
0%
Songs About MeI Learned How to Drive from You
0%
ChromeI'm Goin' Back
0%
Something's Going OnI'm Gone
0%
More...I'm Gonna Love You Anyway
0%
ChromeI'm Payin' for It Now
0%
The King's GiftI Saw Three Ships
0%
Proud to Be HereIt's a Woman Thang
0%
Proud to Be HereIt's Who You Know
0%
Dreamin' Out LoudIt Was You
0%
Dangerous ManI Wanna Feel Something
0%
Songs About MeI Wish It Was You
0%
Ain't That Kind of CowboyJust the Way We Do It
0%
Love Will...Kiss You All Over
0%
XLet's Do That Again
0%
Something's Going OnLit
0%
Big TimeLonely Won't Leave Me Alone
0%
Proud to Be HereLove Buzz
0%
ChromeLove Me Like There's No Tomorrow
0%
Songs About MeMetropolis
0%
Proud to Be HereMillion Dollar View
0%
Comin' On StrongMissing You
0%
Proud to Be HereMore of Us
0%
XMuddy Water
0%
Songs About MeMy Heaven
0%
Songs About MeMy Way Back
0%
Big TimeNothin' but Taillights
0%
The King's GiftO' Come Emmanuel
0%
The King's GiftOh Holy Night
0%
ChromeOnce Upon a Fool Ago
0%
Proud to Be HereOne in a Million
0%
Comin' On StrongOne Nightstand
0%
Comin' On StrongOne of Those Nights
0%
Big TimeOut of My Dreams
0%
Cowboy's Back in TownPictures on Mantles
0%
Proud to Be HerePoor Folks
0%
Dangerous ManRide
0%
Love Will...Right Now
0%
Ain't That Kind of CowboyRunning into You
0%
Love Will...Say No to a Woman
0%
ChromeScream
0%
Big TimeSee Jane Run
0%
More...She's Still There
0%
The King's GiftSilent Night
0%
Big TimeSnowball in El Paso
0%
More...Someday
0%
XSometimes a Man Takes a Drink
0%
Dangerous ManSouthern Hallelujah
0%
Love Will...So What If I Do
0%
Cowboy's Back in TownStill Love You
0%
XSweet
0%
The King's GiftTannenbaum
0%
ChromeThankful Man
0%
Proud to Be HereThat's What You Get
0%
Love Will...The Altar of Your Love
0%
Dillard's Country Christmas Collection 1999The Christmas Song
0%
SingleThem Lips (On Mine)
0%
Comin' On StrongThen Came the Night
0%
More...The Night He Can't Remember
0%
Comin' On StrongThen I Wake Up
0%
Dangerous ManThe Stubborn One
0%
Big TimeTook Her to the Moon
0%
Big TimeTwenty-Four, Seven
0%
Comin' On StrongUntamed
0%
Love Will...Watch the World End
0%
Big TimeWayfaring Strangers
0%
Greatest Hits Collection, Vol. 1Welcome to Hell
0%
The King's GiftWe Three Kings
0%
The King's GiftWexford Carol
0%
The King's GiftWhat Child Is This
0%
Love Will...When I Stop Loving You
0%
Something's Going OnWhipporwills and Freight Trains
0%
Dangerous ManWords Get in the Way
0%
More...Working Man's Wage
0%
American Man: Greatest Hits Volume IIYou're Gonna Miss This
0%

Score Distribution

Percentile by Number Answered

Percent of People with Each Score

Your Score History

You have not taken this quiz